[Event "ESP-ch rapid"]
[Site "Linares"]
[Date "2018.08.19"]
[Round "1"]
[White "Martinez Reyes, Pedro Ramon"]
[Black "Ordonez Torres, Jesus"]
[Result "1/2-1/2"]
[WhiteElo "2412"]
[BlackElo "1989"]
[PlyCount "248"]
[EventDate "2018.08.19"]
[EventType "swiss (rapid)"]
[EventRounds "9"]
[EventCountry "ESP"]
[SourceTitle "CBM 186 Extra"]
[Source "ChessBase"]
[SourceDate "2018.08.24"]
[SourceVersion "1"]
[SourceVersionDate "2018.08.24"]
[SourceQuality "1"]

1. e4 e5 2. Nf3 Nc6 3. d4 exd4 4. Nxd4 Nf6 5. Nxc6 bxc6 6. Bd3 d5 7. exd5 cxd5 8. 0-0 c6 9. Nc3 Be7 10. Bf4 0-0 11. Re1 Bg4 12. Qd2 Nh5 13. Be3 Nf6 14. h3 Bh5 15. Na4 Ne4 16. Bxe4 dxe4 17. Qxd8 Rfxd8 18. Bc5 Bxc5 19. Nxc5 f5 20. g4 Rd5 21. Ne6 fxg4 22. Nc7 Rf8 23. Nxd5 cxd5 24. hxg4 Bxg4 25. c4 Bf3 26. cxd5 Rd8 27. Rad1 Bxd1 28. Rxd1 Kf7 29. Rd4 Kf6 30. Rxe4 Rxd5 31. Ra4 Rd7 32. Kg2 g5 33. Ra6+ Kf5 34. Ra5+ Kf4 35. Ra4+ Kf5 36. Kg3 h5 37. Ra5+ Kf6 38. b3 Rd3+ 39. Kg2 Rd7 40. b4 Kg6 41. b5 h4 42. a4 Kh5 43. Ra6 Rf7 44. Rc6 Kg4 45. Rc4+ Kf5 46. a5 Rb7 47. Rc5+ Kf4 48. Rc4+ Kf5 49. Rc5+ Kf4 50. a6 Rb8 51. Rc4+ Kf5 52. Rc5+ Kf4 53. Rc7 Rxb5 54. Rxa7 Ra5 55. Ra8 Ra2 56. Kh3 Ra3+ 57. Kh2 Ra2 58. Kg2 Kg4 59. a7 h3+ 60. Kg1 Ra1+ 61. Kh2 Ra2 62. Kg1 Ra1+ 63. Kh2 Ra2 64. Rf8 Rxa7 65. f3+ Kh5 66. Kxh3 Rh7 67. Kg3 Rh6 68. Rg8 Rh7 69. Kh3 Rh6 70. Rg7 Rh8 71. Rb7 Rh6 72. Kg3 Rh8 73. Rb6 Rf8 74. Ra6 Rf7 75. Ra5 Rf8 76. Kf2 Rf7 77. Ke3 Rf8 78. Ke4 Rf4+ 79. Ke3 Rf8 80. Ra1 Re8+ 81. Kf2 Rb8 82. Kg3 Rb4 83. Rh1+ Kg6 84. Rh8 Kg7 85. Rd8 Kg6 86. Rd5 Kf6 87. Ra5 Rc4 88. Ra6+ Kf5 89. Ra5+ Kf6 90. Kh3 Rh4+ 91. Kg3 Rb4 92. Ra2 Rc4 93. Rg2 Rb4 94. Rg1 Rc4 95. Kf2 Rc3 96. Rg4 Rb3 97. Kg3 Rc3 98. Ra4 Rc1 99. Kf2 Rc5 100. Ke3 Re5+ 101. Kf2 Rb5 102. Kg3 Rb1 103. Ra6+ Kf5 104. Ra5+ Kf6 105. Ra4 Rg1+ 106. Kf2 Rb1 107. Ke3 Re1+ 108. Kf2 Rb1 109. Kg2 Rc1 110. Kh3 Rh1+ 111. Kg3 Rg1+ 112. Kf2 Rb1 113. Ra6+ Kf5 114. Ra8 Rb2+ 115. Kg3 Rb4 116. Rf8+ Kg6 117. Re8 Kf5 118. Rd8 Rc4 119. Rd5+ Kf6 120. Rb5 Ra4 121. Rb2 Rc4 122. Rg2 Rb4 123. Rg1 Rc4 124. Kf2 Ra4 1/2-1/2

[Event "ESP-ch U18"]
[Site "Linares"]
[Date "2007.08.01"]
[Round "6"]
[White "De Nacimiento Montano, Angel"]
[Black "Ordonez Torres, Jesus"]
[Result "1-0"]
[WhiteElo "1999"]
[BlackElo "1906"]
[PlyCount "41"]
[EventDate "2007.07.29"]
[EventType "swiss"]
[EventRounds "9"]
[EventCountry "ESP"]
[SourceTitle "EXT 2008"]
[Source "ChessBase"]
[SourceDate "2007.11.25"]
[SourceVersion "1"]
[SourceVersionDate "2007.11.25"]
[SourceQuality "1"]

1. e4 c6 2. d4 d5 3. exd5 cxd5 4. c4 Nf6 5. Nf3 e6 6. Bd3 dxc4 7. Bxc4 Qc7 8. Bb3 Bd7 9. 0-0 Bd6 10. Nc3 Bc6 11. Bg5 Nbd7 12. d5 exd5 13. Re1+ Kf8 14. Nxd5 Bxd5 15. Bxd5 Nxd5 16. Qxd5 Nb6 17. Qe4 f6 18. Bh4 Qf7 19. Rad1 Be7 20. Nd4 Re8 21. Ne6+ 1-0